Statistisches Jahrbuch 1992 für das Ausland

Guardado en:
Detalles Bibliográficos
Formato: Libro
Lenguaje:alemán
Publicado: Stuttgart Metzler 1992
Edición:1. Aufl.
Materias:
Etiquetas: Agregar Etiqueta
Sin Etiquetas, Sea el primero en etiquetar este registro!

MARC

LEADER 00000nam a2200000 4500
001 c003321
005 20221221080422.3
020 |a 3-8246-0239-3 
041 0 |a ger 
044 |a DE 
245 1 0 |a Statistisches Jahrbuch 1992 für das Ausland 
250 |a 1. Aufl. 
264 1 |a Stuttgart  |b Metzler  |c 1992 
300 |a 373 s. 
610 2 0 |a tabuľky štatistické 
610 2 0 |a Nemecko 
610 2 0 |a 1992 
610 2 0 |a populácia 
610 2 0 |a poľnohospodárstvo 
610 2 0 |a obchod 
610 2 0 |a financie štátne 
610 2 0 |a ceny 
610 2 0 |a doprava 
610 2 0 |a výroba 
610 2 0 |a Európske spoločenstvá